000 01231nam a2200397 c 4500
001 a5430
003 DO-SdBPM
005 20250722141726.0
007 ta
008 131114s2008 sp | |||| 000 f spa
015 _a
017 _a
_b
020 _a9786071103970
035 _a
040 _aDO-SdBPM
_bspa
_cBPMSU
_e rda
080 _a
082 4 _a813.5
_bS425g 2010
_222
100 1 _aFitzgerald, F. Scott
_d1896-1940
_eautor
240 1 0 _aThe great Gatsby
_lEspañol
245 1 3 _aEl gran Gatsby /
_cFrancis Scott Fitzgerald ; ilustraciones de Ignasi Blanch ; traducción de José Luis López Muñoz
_b
250 _a
264 _aMadrid :
_bAfaguara,
_c2010
300 _a228 páginas ;
_c24 cm.
_b
336 _aTexto
_2n
_brdacontent
337 _asin mediación
_2nc
_brdamedia
338 _avolumen
_bnc
_2rdacarrier
500 _aIncluye datos biográficos del autor en la solapa de la cubierta
590 _aInventariado, 2025/VM
650 7 _aNovela estadounidense
650 7 _aNovela amorosa.
650 7 _aRiqueza
_vNovela.
650 _aNOVELA AMOROSA
700 1 _a López Muñoz, José Luis
_etraductor
910 _aVMateo V. Control de calidad. BPMSU
942 _2ddc
_cBK
999 _c10571
_d10571